| 000 | 00000nam##2200000za#4500 |
| 001 | 9.569867 |
| 003 | CaOODSP |
| 005 | 20210624181954 |
| 007 | cr ||||||||||| |
| 008 | 150406|2009||||xxc|||||o f|0| 0 eng|d |
| 040 | |aCaOODSP|beng |
| 043 | |an-cn--- |
| 086 | 1 |aNH18-1-2/48-2009E-PDF |
| 110 | 2 |aCanada Mortgage and Housing Corporation. |
| 245 | 10|aHousing, community & family well-being : |h[electronic resource]|bfinal report / |c[by Lorraine Copas]. |
| 246 | 1 |aHousing, community and family well-being |
| 260 | |aOttawa - Ontario : |bCanada Mortgage and Housing Corporation |cJune 2009. |
| 300 | |a77p.|breferences, tables |
| 490 | 1 |aResearch report |
| 546 | |a(Résumé en français.) |
| 590 | |a11-25-Supp|b2011-10-31 |
| 720 | 1 |aCopas, Lorraine |
| 830 | #0|aResearch report (Canada Mortgage and Housing Corporation : Online)|w(CaOODSP)9.506068 |
| 856 | 40|ahttp://publications.gc.ca|qPDF|s515 KB|uhttps://publications.gc.ca/collections/collection_2011/schl-cmhc/nh18-1-2/NH18-1-2-48-2009-eng.pdf |